00397nam a2200145Ia 4500008004100000020001800041041000800059082001800067100004000085245003600125250000600161260003900167300001200206650003300218210716s2015 xx 000 0 und d a9789332542853 aeng a621.3192 BHAS aBhattacharya, S K; Singh, Manpreet. aNetwork analysis and synthesis. a1 aNew DelhibPearson Educationc2015 axix,714 aNetwork Protocols(621.38212)